El piano.

Guardado en:
Formato: Deslizar
Materias:
Etiquetas: Agregar Etiqueta
Sin Etiquetas, Sea el primero en etiquetar este registro!
LEADER 00747ngm a22002175g 4500
001 CEM.cems022334
008 130507b1997##################0###0#####d
005 20241029135526.0
245 0 0 |a El piano. 
300 |a 29'. 
500 |a En soporte VHS, consultar en ventanilla. 
505 0 |a Orígenes del piano: cémbalo. Fabricación del piano. Los clásicos y el piano: Chopin, Beethoven, etc. 
538 |a Soporte: VHS - Norma: Pal N - Color: Si - Grabación DRD 1997 - Hitachi=3645 
082 7 8 |/ INF-1 
653 |a MUSICA 
653 |a CULTURA MUSICAL 
653 |a INSTRUMENTOS MUSICALES 
653 |a PIANO 
653 |a NIVEL PRIMARIO 
653 |a NIVEL SECUNDARIO 
859 |a CEMS  |b BIB. CEMS - Depto. Recursos Didacticos  |h 784  |i INF-1  |k DRD  |p 977.12  |t Ej.1